|
|
|
|
| LEADER |
00000nam0a2200000 4500 |
| 001 |
297530 |
| 005 |
20231102001022.0 |
| 035 |
|
|
|a (RuTPU)RU\TPU\book\322663
|
| 090 |
|
|
|a 297530
|
| 100 |
|
|
|a 20150609g1984 km y0rusy5003 ca
|
| 101 |
0 |
|
|a rus
|
| 102 |
|
|
|a RU
|
| 105 |
|
|
|a a z 101zy
|
| 200 |
1 |
|
|a Обработка изображений и дистанционные исследования
|e тезисы докладов Всесоюзной конфереции, 18-20 июня 1984 г., Новосибирск
|h Ч. II : Технические средства обработки изображений и автоматизация проектирования
|f Новосибирский институт инженеров геодезии, аэрофотосъемки и картографии ; под ред. В. В. Малинина
|
| 210 |
|
|
|a Новосибирск
|c Изд-во НИИГАИК
|d 1984
|
| 215 |
|
|
|a 84 с.
|c ил.
|
| 320 |
|
|
|a Библиогр. в конце докл.
|
| 606 |
1 |
|
|a Аэрокосмическая съемка
|2 stltpush
|3 (RuTPU)RU\TPU\subj\29921
|9 53142
|
| 610 |
1 |
|
|a аэроснимки
|
| 610 |
1 |
|
|a космические снимки
|
| 610 |
1 |
|
|a обработка на ЭВМ
|
| 610 |
1 |
|
|a дистанционные исследования
|
| 610 |
1 |
|
|a изображения
|
| 610 |
1 |
|
|a технические средства
|
| 610 |
1 |
|
|a автоматизация
|
| 610 |
1 |
|
|a автоматизированное проектирование
|
| 610 |
1 |
|
|a конференции
|
| 675 |
|
|
|a 528.71(063)
|z rus
|v 3
|
| 702 |
|
1 |
|a Малинин
|b В. В.
|4 340
|
| 712 |
0 |
2 |
|a Новосибирский институт инженеров геодезии, аэрофотосъемки и картографии
|c (1939-1994)
|2 stltpush
|3 (RuTPU)RU\TPU\col\8121
|9 24487
|
| 801 |
|
0 |
|a RU
|b RuMRKP
|c 19950704
|g psbo
|
| 801 |
|
1 |
|a RU
|b 63413507
|c 20150609
|
| 801 |
|
2 |
|a RU
|b 63413507
|c 20190313
|g RCR
|
| 942 |
|
|
|c BK
|